000
00299nam a2200145Ia 4500
100
_a
Phillips/ Charles F
942
_c
BK
654
_a
Marketing
245
_a
Marketing Principles & Methods.
260
_b
none
082
_a
658.8
_b
PHI/DUN
300
_a
779
546
_a
ENGLISH
999
_c
24835
_d
24835